书目信息 |
| 题名: |
细胞
|
|
| 作者: | ;中国科学院动物研究所细胞研究室 编 | |
| 分册: | ||
| 出版信息: | 北京 科学出版社 1978 |
|
| 页数: | 186页 | |
| 开本: | 19cm | |
| 丛书名: | ||
| 单 册: | ||
| 中图分类: | Q2 | |
| 科图分类: | ||
| 主题词: | 细胞学 | |
| 电子资源: | ||
| ISBN: | ||
| 000 | 00679nam0 2200217 45 | |
| 001 | 0178005620 | |
| 005 | 20060719173029.96 | |
| 010 | @dCNY0.50 | |
| 091 | @a13031.777 | |
| 100 | @a19950727d1978 em y0chiy0121 ea | |
| 101 | 0 | @achi |
| 102 | @aCN@b110000 | |
| 105 | @ay z 000yy | |
| 200 | 10 | @a细胞@Axi bao@f中国科学院动物研究所细胞研究室编@Fzhong guo ke xue yuan dong wu yan jiu suo xi bao yan jiu shi bian |
| 210 | @a北京@c科学出版社@d1978 | |
| 215 | @a186页@d19cm | |
| 606 | @a细胞学 | |
| 690 | @aQ2@v3 | |
| 711 | 02 | @a中国科学院动物研究所细胞研究室@Azhong guo ke xue yuan dong wu yan jiu suo xi bao yan jiu shi@4编 |
| 801 | 0 | @aCN@bTSSF@c20060719 |
| 905 | @a10447@dQ2@e21 | |
| 细胞/中国科学院动物研究所细胞研究室编.-北京:科学出版社,1978 |
| 186页;19cm |
| ISBN :CNY0.50 |
| ● |
| 相关链接 |
|
|
|
|
正题名:细胞
索取号:Q2/21
 
预约/预借
| 序号 | 登录号 | 条形码 | 馆藏地/架位号 | 状态 | 备注 |
| 1 | 0437735 | 204377352 | 密集书库/ [索取号:Q2/21] | 在馆 |